<?xml version="1.0" encoding="UTF-8"?>
<record
    xmlns:xsi="http://www.w3.org/2001/XMLSchema-instance"
    xsi:schemaLocation="http://www.loc.gov/MARC21/slim http://www.loc.gov/standards/marcxml/schema/MARC21slim.xsd"
    xmlns="http://www.loc.gov/MARC21/slim">

  <leader>01135    a2200217   4500</leader>
  <controlfield tag="005">20080916112417.0</controlfield>
  <controlfield tag="008">080916t        xxu||||| |||| 00| 0 hin d</controlfield>
  <datafield tag="010" ind1=" " ind2=" ">
    <subfield code="a">HIN-80890</subfield>
  </datafield>
  <datafield tag="020" ind1=" " ind2=" ">
    <subfield code="c">125.00</subfield>
    <subfield code="a">8170634741</subfield>
  </datafield>
  <datafield tag="035" ind1=" " ind2=" ">
    <subfield code="a">HN-53236</subfield>
  </datafield>
  <datafield tag="037" ind1=" " ind2=" ">
    <subfield code="b">D.B.Act / pub</subfield>
  </datafield>
  <datafield tag="082" ind1=" " ind2=" ">
    <subfield code="a">415</subfield>
  </datafield>
  <datafield tag="100" ind1=" " ind2=" ">
    <subfield code="a">&#x926;&#x940;&#x915;&#x94D;&#x937;&#x93F;&#x924;, &#x92D;&#x941;&#x935;&#x928;</subfield>
  </datafield>
  <datafield tag="245" ind1=" " ind2=" ">
    <subfield code="a">&#x938;&#x92E;&#x94D;&#x92A;&#x94D;&#x930;&#x947;&#x937;&#x923;&#x93E;&#x924;&#x94D;&#x92E;&#x915; &#x938;&#x902;&#x938;&#x94D;&#x915;&#x943;&#x924; &#x935;&#x94D;&#x92F;&#x93E;&#x915;&#x930;&#x923; &#x924;&#x925;&#x93E; &#x905;&#x92D;&#x94D;&#x92F;&#x93E;&#x938;</subfield>
    <subfield code="c">&#x92D;&#x941;&#x935;&#x928; &#x926;&#x940;&#x915;&#x94D;&#x937;&#x93F;&#x924;</subfield>
  </datafield>
  <datafield tag="246" ind1=" " ind2=" ">
    <subfield code="a">Sampreshnatamak Sanskrit vyakaran tatha abhyas</subfield>
    <subfield code="b">by Bhuwan Dikshit</subfield>
  </datafield>
  <datafield tag="260" ind1=" " ind2=" ">
    <subfield code="a">&#x928;&#x908;  &#x926;&#x93F;&#x932;&#x94D;&#x932;&#x940;</subfield>
    <subfield code="b">&#x906;&#x930;&#x94D;&#x92F; &#x92C;&#x941;&#x915; &#x921;&#x93F;&#x92A;&#x94B;</subfield>
    <subfield code="c">2007</subfield>
  </datafield>
  <datafield tag="300" ind1=" " ind2=" ">
    <subfield code="a">404&#x92A;&#x943;</subfield>
    <subfield code="c">24&#x938;&#x947;&#x92E;&#x940; (&#x905;&#x91C;&#x93F;&#x932;&#x94D;&#x926;)</subfield>
  </datafield>
  <datafield tag="270" ind1=" " ind2=" ">
    <subfield code="a">30 &#x928;&#x93E;&#x908;&#x935;&#x93E;&#x932;&#x93E;, &#x915;&#x930;&#x94B;&#x932; &#x92C;&#x93E;&#x917;</subfield>
    <subfield code="b">&#x928;&#x908;  &#x926;&#x93F;&#x932;&#x94D;&#x932;&#x940;</subfield>
    <subfield code="e">110005</subfield>
    <subfield code="k">011- 25721221, 25720363</subfield>
    <subfield code="l">011- 25746324</subfield>
  </datafield>
  <datafield tag="942" ind1=" " ind2=" ">
    <subfield code="a">dpl</subfield>
    <subfield code="c">HN</subfield>
    <subfield code="k">415 / &#x926;&#x940;&#x915;&#x94D;&#x937;&#x93F;&#x924;</subfield>
    <subfield code="2">ddc</subfield>
    <subfield code="h">415 </subfield>
    <subfield code="m">&#x926;&#x940;&#x915;&#x94D;&#x937;&#x93F;&#x924;</subfield>
  </datafield>
  <datafield tag="999" ind1=" " ind2=" ">
    <subfield code="c">7245</subfield>
    <subfield code="d">7245</subfield>
  </datafield>
  <datafield tag="952" ind1=" " ind2=" ">
    <subfield code="0">0</subfield>
    <subfield code="1">0</subfield>
    <subfield code="2">ddc</subfield>
    <subfield code="4">0</subfield>
    <subfield code="7">0</subfield>
    <subfield code="a">DBAD</subfield>
    <subfield code="b">DBAD</subfield>
    <subfield code="d">2008-09-16</subfield>
    <subfield code="g">125.00</subfield>
    <subfield code="l">0</subfield>
    <subfield code="o">415  &#x926;&#x940;&#x915;&#x94D;&#x937;&#x93F;&#x924;</subfield>
    <subfield code="p">HN-53236</subfield>
    <subfield code="r">2008-09-15 00:00:00</subfield>
    <subfield code="t">1</subfield>
    <subfield code="u">8103</subfield>
    <subfield code="v">125.00</subfield>
    <subfield code="w">2008-09-15</subfield>
    <subfield code="y">HN</subfield>
  </datafield>
</record>
